02944nab a2200253uuc4500001000800000005001700008008004100025035001200066040001300078041000800091100003500099245011200134520206100246650002102307650002502328650003902353650004102392700003602433700004502469700004902514773009802563942001002661999001902671134540820240202113243.0131002e20120405 spa  a1345408 ccomduadb aspa10aConn, Jan E.4auteaut965448010aAnopheles (Díptera: Culicidae) vectores de malaria en el municipio de Puerto Carreño, Vichada, Colombia3 aIntroducción. El estudio de los aspectos de la biología de los mosquitos Anopheles spp. fortalece la vigilancia entomológica.Objetivo. Determinar los aspectos de la biología y el comportamiento de las especies adultas del género Anopheles presentes en el área urbana de Puerto Carreño. Materiales y métodos. Se capturaron Anopheles spp. silvestres que se habían posado en personas, en el intradomicilio y peridomicilio de viviendas ubicadas en el área urbana del municipio de Puerto Carreño (Vichada), entre las 18:00 y las 06:00 horas, durante dos noches consecutivas por mes y durante ocho meses. Se determinó la actividad de picadura para cada especie, la infección natural por Plasmodium falciparum y P. vivax VK247 y VK210 mediante la técnica ELISA, y se determinó la tasa de inoculación entomológica. Los individuos pertenecientes al complejo Albitarsis se determinaron mediante amplificación en cadena de la polimerasa del fragmento del gen white. Resultados. En orden de abundancia, se encontraron: An. darlingi (n=1.166), An. marajoara sensu stricto (n=152), An. braziliensis (n=59), An. albitarsis F (n=25), An. albitarsis sensu lato (n=16), An. argyritarsis (n=3) y An. oswaldoi sensu lato (n=2). Anopheles darlingi registró dos picos de actividad de picadura entre las 21:00-22:00 y las 5:00-06:00 horas en el peridomicilio y, entre las 21:00-22:00 y las 04:00-05:00 horas, en el intradomicilio. Esta especie se encontró naturalmente infectada por P. vivax VK210 y registró una tasa de inoculación entomológica de dos para el año. Anopheles marajoara s.s. se encontró naturalmente infectado por P. falciparum y registró una tasa de inoculación entomológica de 5 para el año, con un máximo de actividad de picadura entre las 18:00 y las 19:00 horas, tanto en el intradomicilio como en el peridomicilio. Conclusión. Es posible que exista transmisión de malaria en el área urbana de Puerto Carreño (Vichada) y An. darlingi y An. marajoara s.s. serían las especies incriminadas. aAnopheles921081 7aMalaria2lemb921094 aPuerto Carreño (Vichada)9151201 7aVectores de enfermedades2dcs93864010aWirtz, Robert4auteaut956793810aBrochero, Helena Luisa4auteaut951934210aJiménez, Irene del Pilar4auteaut96544810 tBiomédica (Bogotá)gVol. 32, Abr. 2012, suplemento 1, p. 13-21w317894x0120-41570101744 cARIMP c664005d664005